00505nam a2200193Ia 4500003000400000005001700004008004100021020001300062040000700075041000800082082002300090100001900113245007600132260004100208300001800249365001400267650001500281650001500296OSt20230408124401.0210423s2005 xx 000 0 und d a41533800 cAL aeng a150.195 223bBOWM aBOWER (Marion) aPsychoanalytical theory for social work practice: thinking under power aLondonbRoutledge & Kegan Paulc2005 axxvii,204bPB b2010cINR aPhilosophy aPsychology